Europa League Teams 2020-21 - Statistics

General Stats
  • This quiz has been taken 10 times
  • The average score is 32 of 56
Answer Stats
Group Country Answer % Correct
B England Arsenal
89%
A Italy AS Roma
89%
A Switzerland BSC Young Boys
89%
A Romania CFR Cluj
89%
B Norway Molde
89%
C Germany Bayer 04 Leverkusen
78%
L Belgium Gent
78%
D Scotland Rangers
78%
C Czech Republic SK Slavia Praha
78%
J England Tottenham Hotspur
78%
H Italy AC Milan
67%
D Portugal Benfica
67%
E Spain Granada
67%
J Austria LASK
67%
G England Leicester City
67%
H France Lille
67%
J Bulgaria Ludogorets
67%
I Israel Maccabi Tel Aviv
67%
CL England Manchester United
67%
CL Greece Olympiacos
67%
E Netherlands PSV Eindhoven
67%
CL Ukraine Shakhtar Donetsk
67%
I Spain Villarreal
67%
G Greece AEK Athens
56%
CL Netherlands Ajax
56%
F Netherlands AZ Alkmaar
56%
G Portugal Braga
56%
H Scotland Celtic
56%
L Serbia Crvena Zvezda
56%
A Bulgaria CSKA Sofia
56%
K Croatia Dinamo Zagreb
56%
CL Ukraine Dynamo Kiev
56%
C Israel Hapoel Beer Sheva
56%
B Austria Rapid Wien
56%
F Spain Real Sociedad
56%
CL Austria Red Bull Salzburg
56%
H Czech Republic Sparta Prague
56%
K Austria Wolfsberger
56%
CL Belgium Club Brugge
44%
K Netherlands Feyenoord
44%
CL Russia Krasnodar
44%
F Italy Napoli
44%
C France OGC Nice
44%
I Azerbaijan Qarabag FK
44%
I Turkey Sivasspor
44%
L Czech Republic Slovan Liberec
44%
D Belgium Standard Liege
44%
L Germany TSG 1899 Hoffenheim
44%
B Ireland Dundalk
33%
D Poland Lech Poznan
33%
E Cyprus Omonia Nicosia
33%
E Greece PAOK
33%
F Croatia Rijeka
33%
K Russia CSKA Moscow
22%
J Belgium Royal Antwerp
22%
G Ukraine Zorya Luhansk
11%
No matching quizzes found
Score Distribution
Percent of People with Each Score
Percentile by Number Answered
Your Score History
You have not taken this quiz